<?xml version="1.0" encoding="UTF-8"?>
<record
    xmlns:xsi="http://www.w3.org/2001/XMLSchema-instance"
    xsi:schemaLocation="http://www.loc.gov/MARC21/slim http://www.loc.gov/standards/marcxml/schema/MARC21slim.xsd"
    xmlns="http://www.loc.gov/MARC21/slim">

  <leader>00498nam a22001577a 4500</leader>
  <controlfield tag="003">OSt</controlfield>
  <controlfield tag="005">20151002162820.0</controlfield>
  <controlfield tag="008">151002b        xxu||||| |||| 00| 0 eng d</controlfield>
  <datafield tag="040" ind1=" " ind2=" ">
    <subfield code="c">RUA</subfield>
  </datafield>
  <datafield tag="082" ind1=" " ind2=" ">
    <subfield code="a">AVM &#x17A0;&#x17BB;&#x1780; 1992&#x200B; B066 Or.1</subfield>
  </datafield>
  <datafield tag="100" ind1=" " ind2=" ">
    <subfield code="9">1810</subfield>
    <subfield code="a">&#x17A0;&#x17BB;&#x1780; &#x1785;&#x17D0;&#x1793;&#x17D2;&#x1791;&#x1795;&#x179B;&#x17D2;&#x179B;&#x17B6;&#x1780;</subfield>
  </datafield>
  <datafield tag="245" ind1=" " ind2=" ">
    <subfield code="a">&#x1787;&#x1798;&#x17D2;&#x1784;&#x17BA;&#x17A2;&#x17B6;&#x179F;&#x1793;&#x17D2;&#x1793;&#x179A;&#x17C4;&#x1782;&#x1798;&#x17B6;&#x1793;&#x17CB;&#x1793;&#x17C5;&#x1794;&#x17D2;&#x179A;&#x1791;&#x17C1;&#x179F;&#x1780;&#x1798;&#x17D2;&#x1796;&#x17BB;&#x1787;&#x17B6;</subfield>
  </datafield>
  <datafield tag="260" ind1=" " ind2=" ">
    <subfield code="a">Phnom Penh</subfield>
    <subfield code="b">RUA</subfield>
    <subfield code="c">1992</subfield>
  </datafield>
  <datafield tag="300" ind1=" " ind2=" ">
    <subfield code="a">53p.</subfield>
    <subfield code="b">ill.</subfield>
    <subfield code="c">29cm.</subfield>
  </datafield>
  <datafield tag="942" ind1=" " ind2=" ">
    <subfield code="2">ddc</subfield>
    <subfield code="c">AVM</subfield>
  </datafield>
  <datafield tag="999" ind1=" " ind2=" ">
    <subfield code="c">1709</subfield>
    <subfield code="d">1709</subfield>
  </datafield>
  <datafield tag="952" ind1=" " ind2=" ">
    <subfield code="0">0</subfield>
    <subfield code="1">0</subfield>
    <subfield code="2">ddc</subfield>
    <subfield code="4">0</subfield>
    <subfield code="6">AVM_&#x17A0;&#x17BB;&#x1780;_1992_B066_OR_1_000000000000000</subfield>
    <subfield code="7">0</subfield>
    <subfield code="9">7400</subfield>
    <subfield code="a">LBB</subfield>
    <subfield code="b">LBB</subfield>
    <subfield code="c">B066</subfield>
    <subfield code="d">2015-10-02</subfield>
    <subfield code="l">2</subfield>
    <subfield code="o">AVM &#x17A0;&#x17BB;&#x1780; 1992&#x200B; B066 Or.1</subfield>
    <subfield code="p">RUA007547</subfield>
    <subfield code="r">2016-05-31</subfield>
    <subfield code="s">2016-05-31</subfield>
    <subfield code="w">2015-10-02</subfield>
    <subfield code="y">AVM</subfield>
  </datafield>
  <datafield tag="952" ind1=" " ind2=" ">
    <subfield code="0">0</subfield>
    <subfield code="1">0</subfield>
    <subfield code="2">ddc</subfield>
    <subfield code="4">0</subfield>
    <subfield code="6">AVM_&#x17A0;&#x17BB;&#x1780;_1992_B066_OR_2_000000000000000</subfield>
    <subfield code="7">0</subfield>
    <subfield code="9">7401</subfield>
    <subfield code="a">LBB</subfield>
    <subfield code="b">LBB</subfield>
    <subfield code="c">B066</subfield>
    <subfield code="d">2015-10-02</subfield>
    <subfield code="o">AVM &#x17A0;&#x17BB;&#x1780; 1992&#x200B; B066 Or.2</subfield>
    <subfield code="p">RUA007417</subfield>
    <subfield code="r">2015-10-02</subfield>
    <subfield code="w">2015-10-02</subfield>
    <subfield code="y">AVM</subfield>
  </datafield>
  <datafield tag="952" ind1=" " ind2=" ">
    <subfield code="0">0</subfield>
    <subfield code="1">0</subfield>
    <subfield code="2">ddc</subfield>
    <subfield code="4">0</subfield>
    <subfield code="6">AVM_&#x17A0;&#x17BB;&#x1780;_1992_B066_OR_3_000000000000000</subfield>
    <subfield code="7">0</subfield>
    <subfield code="9">7402</subfield>
    <subfield code="a">LBB</subfield>
    <subfield code="b">LBB</subfield>
    <subfield code="c">B066</subfield>
    <subfield code="d">2015-10-02</subfield>
    <subfield code="l">1</subfield>
    <subfield code="o">AVM &#x17A0;&#x17BB;&#x1780; 1992&#x200B; B066 Or.3</subfield>
    <subfield code="p">RUA007114</subfield>
    <subfield code="r">2016-07-16</subfield>
    <subfield code="s">2016-07-02</subfield>
    <subfield code="w">2015-10-02</subfield>
    <subfield code="y">AVM</subfield>
  </datafield>
  <datafield tag="952" ind1=" " ind2=" ">
    <subfield code="0">0</subfield>
    <subfield code="1">0</subfield>
    <subfield code="2">ddc</subfield>
    <subfield code="4">0</subfield>
    <subfield code="6">AVM_&#x17A0;&#x17BB;&#x1780;_1992_B066_OR_4_000000000000000</subfield>
    <subfield code="7">0</subfield>
    <subfield code="9">7403</subfield>
    <subfield code="a">LBB</subfield>
    <subfield code="b">LBB</subfield>
    <subfield code="c">B066</subfield>
    <subfield code="d">2015-10-02</subfield>
    <subfield code="o">AVM &#x17A0;&#x17BB;&#x1780; 1992&#x200B; B066 Or.4</subfield>
    <subfield code="p">RUA007108</subfield>
    <subfield code="r">2015-10-02</subfield>
    <subfield code="w">2015-10-02</subfield>
    <subfield code="y">AVM</subfield>
  </datafield>
  <datafield tag="952" ind1=" " ind2=" ">
    <subfield code="0">0</subfield>
    <subfield code="1">0</subfield>
    <subfield code="2">ddc</subfield>
    <subfield code="4">0</subfield>
    <subfield code="6">AVM_&#x17A0;&#x17BB;&#x1780;_1992_B066_OR_5_000000000000000</subfield>
    <subfield code="7">0</subfield>
    <subfield code="9">7404</subfield>
    <subfield code="a">LBB</subfield>
    <subfield code="b">LBB</subfield>
    <subfield code="c">B066</subfield>
    <subfield code="d">2015-10-02</subfield>
    <subfield code="o">AVM &#x17A0;&#x17BB;&#x1780; 1992&#x200B; B066 Or.5</subfield>
    <subfield code="p">RUA007042</subfield>
    <subfield code="r">2015-10-02</subfield>
    <subfield code="w">2015-10-02</subfield>
    <subfield code="y">AVM</subfield>
  </datafield>
</record>
